Главни градови Северне Америке - Statistics

General Stats
  • This quiz has been taken 1 159 times
  • The average score is 14 of 23
Answer Stats
Држава Главни град % Correct
Мексико Мексико Сити
92%
Сједињене Америчке Државе Вашингтон
92%
Канада Отава
90%
Куба Хавана
87%
Панама Панама
81%
Јамајка Кингстон
74%
Ел Салвадор Сан Салвадор
73%
Гватемала Гватемала
70%
Никарагва Манагва
63%
Костарика Сан Хосе
62%
Доминиканска Република Санто Доминго
61%
Белизе Белмопан
57%
Бахами Насау
56%
Барбадос Бриџтаун
55%
Сент Винсент и Гренадини Кингстаун
51%
Хондурас Тегусигалпа
50%
Доминика Розо
48%
Тринидад и Тобаго Порт ов Спејн
48%
Хаити Порт о Пренс
48%
Антигва и Барбуда Сент Џонс
47%
Гренада Сент Џорџ
45%
Сент Луција Кастриз
44%
Сент Китс и Невис Бастер
39%
No matching quizzes found
Score Distribution
Percent of People with Each Score
Percentile by Number Answered
Your Score History
You have not taken this quiz